the complete reference Office XP / (Record no. 180282)

000 -LEADER
fixed length control field 01189 a2200253 4500
003 - CONTROL NUMBER IDENTIFIER
control field NUST
005 - DATE AND TIME OF LATEST TRANSACTION
control field 20230602152536.0
010 ## - LIBRARY OF CONGRESS CONTROL NUMBER
LC control number 2001270003
020 ## - INTERNATIONAL STANDARD BOOK NUMBER
International Standard Book Number 0072132469
035 ## - SYSTEM CONTROL NUMBER
System control number (OCoLC)ocm47180478
040 ## - CATALOGING SOURCE
Transcribing agency Nust
082 00 - DEWEY DECIMAL CLASSIFICATION NUMBER
Classification number 005.43,NEL
100 1# - MAIN ENTRY--PERSONAL NAME
Personal name Nelson, Stephen L.,
9 (RLIN) 112968
245 10 - TITLE STATEMENT
Title the complete reference Office XP /
Statement of responsibility, etc. Stephen L. Nelson, Julia Kelly.
260 ## - PUBLICATION, DISTRIBUTION, ETC.
Place of publication, distribution, etc. New York :
Name of publisher, distributor, etc. Osborne/McGraw-Hill,
Date of publication, distribution, etc. c2001.
300 ## - PHYSICAL DESCRIPTION
Extent xxxv, 1002 p. :
Other physical details ill. ;
Dimensions 23 cm. +
Accompanying material 1 computer optical disc (4 3/4 in.)
505 ## - FORMATTED CONTENTS NOTE
Formatted contents note What Is Office (Page-3), Using The Common Office Tools (Page-49), Laying Out A Document (Page-171), MS Excel (Page-349), MS Powerpoint (Page-515), MS Outlook (Page-579), Internet Explorer (Page-653), MS Access (Page-715), MS Publisher (Page-877).
650 #0 - SUBJECT ADDED ENTRY--TOPICAL TERM
Topical term or geographic name entry element Integrated software.
9 (RLIN) 94386
700 1# - ADDED ENTRY--PERSONAL NAME
Personal name Kelly, Julia.
9 (RLIN) 112963
856 42 - ELECTRONIC LOCATION AND ACCESS
Materials specified Contributor biographical information
Uniform Resource Identifier <a href="http://www.loc.gov/catdir/bios/mh042/2001270003.html">http://www.loc.gov/catdir/bios/mh042/2001270003.html</a>
856 42 - ELECTRONIC LOCATION AND ACCESS
Materials specified Publisher description
Uniform Resource Identifier <a href="http://www.loc.gov/catdir/description/mh024/2001270003.html">http://www.loc.gov/catdir/description/mh024/2001270003.html</a>
856 42 - ELECTRONIC LOCATION AND ACCESS
Materials specified Table of contents
Uniform Resource Identifier <a href="http://www.loc.gov/catdir/toc/mh023/2001270003.html">http://www.loc.gov/catdir/toc/mh023/2001270003.html</a>
942 ## - ADDED ENTRY ELEMENTS (KOHA)
Source of classification or shelving scheme
Koha item type Book
Call number prefix 005.43,NEL
Holdings
Withdrawn status Lost status Source of classification or shelving scheme Damaged status Not for loan Permanent Location Current Location Shelving location Date acquired Full call number Barcode Date last seen Price effective from Koha item type Public note
          Military College of Signals (MCS) Military College of Signals (MCS) General Stacks 12/12/2016 005.43,NEL MCS28993 12/08/2016 12/12/2016 Book Almirah No.81, Shelf No.1
© 2023 Central Library, National University of Sciences and Technology. All Rights Reserved.